International Journal of Preventive Medicine and Health (Record no. 37357)

MARC details
000 -LEADER
fixed length control field 00451nam a2200145Ia 4500
022 ## - INTERNATIONAL STANDARD SERIAL NUMBER
ISSN 2582-7588
050 ## - CALL MARK
Classification number RA421. I58
245 ## - TITLE STATEMENT
Title International Journal of Preventive Medicine and Health
250 ## - EDITION / VOLUME STATEMENT
Edition / Volume statement Vol. 4, No. 1
260 ## - PUBLICATION, DISTRIBUTION, ETC. (IMPRINT)
Place of publication India
Name of publisher Lattice Science Publication (LSP)
Year of publication 2025
300 ## - PHYSICAL DESCRIPTION
Number of Pages x. 38 p. : ill. ; 28 cm.
650 ## - SUBJECT ADDED ENTRY--TOPICAL TERM
Topical Term Medicine, Preventive--Periodicals Medicine, Preventive--Periodicals
942 ## - ADDED ENTRY ELEMENTS (KOHA)
Koha item type Serials
Source of classification Library of Congress Classification

No items available.